[Event "CZE-chT2C 1213"]
[Site "Czech Republic"]
[Date "2012.12.16"]
[Round "5.8"]
[White "Jelinek, Michal"]
[Black "Vacek, Josef"]
[Result "1-0"]
[WhiteElo "1716"]
[BlackElo "1741"]
[PlyCount "103"]
[EventDate "2012.10.14"]
[EventType "team-tourn"]
[EventRounds "11"]
[EventCountry "CZE"]
[SourceTitle "EXT 2015"]
[Source "ChessBase"]
[SourceDate "2014.11.20"]
[SourceVersion "1"]
[SourceVersionDate "2014.11.20"]
[SourceQuality "1"]
[WhiteTeam "Praha Oaza"]
[BlackTeam "Tabor II"]
[WhiteTeamCountry "CZE"]
[BlackTeamCountry "CZE"]

1. d4 Nf6 2. c4 g6 3. Nc3 Bg7 4. Nf3 0-0 5. e4 d6 6. Be2 Nbd7 7. 0-0 e5 8. d5 Nc5 9. Qc2 a5 10. Be3 Nh5 11. Ne1 Nf4 12. Nd3 Ncxd3 13. Bxd3 Qg5 14. Bxf4 exf4 15. f3 Bd4+ 16. Kh1 Bd7 17. a3 h5 18. Nb5 Be5 19. Ra2 Qf6 20. Qd2 c6 21. Nc3 g5 22. Ne2 Kh8 23. b4 Rg8 24. dxc6 bxc6 25. b5 cxb5 26. cxb5 Be6 27. Rc2 Bb3 28. Rc7 a4 29. Bc4 d5 30. Rc6 Qe7 31. Qxd5 Bxc4 32. Qxc4 Rgd8 33. Rc1 Qd7 34. h3 f6 35. b6 g4 36. hxg4 hxg4 37. Qe6 Qh7+ 38. Kg1 g3 39. Qh3 Rab8 40. Qxh7+ Kxh7 41. Rc7+ Kg6 42. R7c6 Bb2 43. Rb1 Bxa3 44. Nxf4+ Kf7 45. Nd5 Bd6 46. Kf1 Be5 47. f4 Bd4 48. Rc7+ Kg6 49. Ke2 a3 50. f5+ Kg5 51. Rg7+ Kh6 52. Rg6+ 1-0

[Event "Tabor op"]
[Site "Tabor"]
[Date "2011.08.01"]
[Round "3"]
[White "Krska, David"]
[Black "Vacek, Josef"]
[Result "1-0"]
[WhiteElo "1905"]
[BlackElo "1697"]
[PlyCount "105"]
[EventDate "2011.07.31"]
[EventType "swiss"]
[EventRounds "9"]
[EventCountry "CZE"]
[SourceTitle "CBM 143 Extra"]
[Source "ChessBase"]
[SourceDate "2011.08.29"]
[SourceVersion "1"]
[SourceVersionDate "2011.08.29"]
[SourceQuality "1"]

1. c4 Nf6 2. Nc3 g6 3. g3 Bg7 4. Bg2 e5 5. e3 0-0 6. Nge2 d6 7. b4 c6 8. 0-0 Be6 9. d3 d5 10. c5 Na6 11. d4 e4 12. Rb1 Qd7 13. b5 Nc7 14. b6 axb6 15. Rxb6 Rfb8 16. Qb3 Ra7 17. Bd2 Na6 18. Rb1 Ne8 19. Nf4 Nec7 20. Bf1 Bg4 21. Rb2 g5 22. Ng2 h5 23. Qc2 Bf6 24. Qb1 h4 25. Rxb7 Rba8 26. Rxa7 Rxa7 27. Rb7 Ra8 28. Qb6 Qd8 29. Qxc6 Bd7 30. Qb6 Bc8 31. Bxa6 Nxa6 32. Qxd8+ Bxd8 33. Rb2 Bg4 34. gxh4 gxh4 35. Nxd5 h3 36. Ngf4 Nb8 37. Nb6 Ra6 38. Nc4 Bc7 39. Nd5 Be2 40. Nd6 Bxd6 41. cxd6 Nd7 42. Bb4 Bc4 43. Ne7+ Kh7 44. a3 Ra8 45. Rc2 Be6 46. Kf1 Nb6 47. Rc5 Nd7 48. Rh5+ Kg7 49. d5 Nf6 50. Bc3 Bd7 51. Rg5+ Kh6 52. Bxf6 Rxa3 53. Ng8+ 1-0

[Event "CZE-chT2A 1011"]
[Site "Czech Republic"]
[Date "2011.03.27"]
[Round "10"]
[White "Moronga, Jan"]
[Black "Vacek, Josef"]
[Result "1/2-1/2"]
[WhiteElo "1914"]
[BlackElo "1703"]
[PlyCount "115"]
[EventDate "2010.10.17"]
[EventType "team-tourn"]
[EventRounds "11"]
[EventCountry "CZE"]
[SourceTitle "EXT 2012"]
[Source "ChessBase"]
[SourceDate "2011.11.24"]
[SourceVersion "1"]
[SourceVersionDate "2011.11.24"]
[SourceQuality "1"]
[WhiteTeam "Cesky Krumlov"]
[BlackTeam "Tabor II"]
[WhiteTeamCountry "CZE"]
[BlackTeamCountry "CZE"]

1. c4 Nf6 2. Nc3 g6 3. d4 Bg7 4. e4 d6 5. Be2 Nbd7 6. Nf3 0-0 7. 0-0 e5 8. dxe5 dxe5 9. h3 c6 10. Be3 Qe7 11. Qc2 Nh5 12. Rfd1 Nf4 13. Bf1 f5 14. h4 Nf6 15. c5 fxe4 16. Nxe4 Bg4 17. Nxf6+ Bxf6 18. Bxf4 exf4 19. Re1 Qg7 20. Ng5 Bxb2 21. Rab1 Bc3 22. Bc4+ Kh8 23. Ne6 Bxe6 24. Rxe6 Bf6 25. g3 fxg3 26. fxg3 Bxh4 27. Qe4 Bxg3 28. Re7 Qf6 29. Rf1 Bf2+ 30. Kg2 Qg5+ 31. Kh1 Qh5+ 32. Kg2 Qg5+ 33. Kh1 Qh5+ 34. Kg2 Qg5+ 35. Kh1 Qh4+ 36. Qxh4 Bxh4 37. Rxb7 Rxf1+ 38. Bxf1 Bf2 39. Rc7 Bxc5 40. Rxc6 Bb6 41. Kg2 Rf8 42. Bc4 Kg7 43. Re6 h5 44. Bb3 Kh6 45. Re5 Rf2+ 46. Kg3 Rf6 47. Kg2 h4 48. Kh3 g5 49. Re6 Rxe6 50. Bxe6 Kg6 51. Bg4 Kf6 52. Bc8 Ke5 53. Bg4 a5 54. Bc8 Kd4 55. Bg4 Kc3 56. Be6 Kb4 57. Bf7 Be3 58. Be6 1/2-1/2